[Event "FIDE Online Olympiad"]
[Site "Chess.com"]
[Date "2020.08.01"]
[EventDate "2020.07.31"]
[Round "5"]
[Result "1-0"]
[White "Hsu Lwin May"]
[Black "Azahari Siti Nur Fatimah Hj"]
[WhiteElo "1987"]
[BlackElo "1927"]
[PlyCount "67"]

1. d4 Nf6 2. c4 c5 3. d5 b5 4. cxb5 a6 5. b6 d6 6. Nc3 Qxb6
7. a4 g6 8. a5 Qb5 9. Nxb5 axb5 10. e3 b4 11. Bb5+ Bd7 12. Qd3
Bg7 13. Nf3 O-O 14. O-O Bf5 15. Qd1 Be4 16. Bc4 Nbd7 17. h3
Nb6 18. Be2 Nbxd5 19. Nd2 Bf5 20. Bf3 Bd3 21. Re1 Rfc8 22. e4
Nc7 23. e5 Nfd5 24. exd6 exd6 25. Qb3 Nf4 26. Bxa8 Rxa8
27. Nc4 Ne2+ 28. Rxe2 Bxe2 29. Nxd6 Ne6 30. Be3 Ba6 31. Rc1
Rd8 32. Nc4 Nd4 33. Bxd4 Rd6 34. Nxd6 1-0

[Event "FIDE Online Olympiad"]
[Site "Chess.com"]
[Date "2020.08.01"]
[EventDate "2020.07.31"]
[Round "5"]
[Result "1-0"]
[White "Han Thiha Sai"]
[Black "Abdul Zahirul Zazali"]
[WhiteElo "1768"]
[BlackElo "1695"]
[PlyCount "47"]

1. d4 Nf6 2. Bf4 e6 3. Nf3 Nc6 4. c4 d5 5. e3 Be7 6. Nc3 O-O
7. h3 b6 8. cxd5 exd5 9. a3 Bb7 10. Bd3 Re8 11. O-O Bf8
12. Qc2 Ne7 13. Nb5 Ng6 14. Bh2 Bd6 15. Nxd6 cxd6 16. Rac1 Rc8
17. Qa4 a5 18. Rxc8 Bxc8 19. Qc6 Ne4 20. Qxd5 Nf6 21. Qxd6
Qxd6 22. Bxd6 Be6 23. Rc1 Rf8 24. Bxf8 1-0

[Event "FIDE Online Olympiad"]
[Site "Chess.com"]
[Date "2020.08.01"]
[EventDate "2020.07.31"]
[Round "6"]
[Result "1-0"]
[White "Soon Wei Yee"]
[Black "Mohamed Hassan"]
[WhiteElo "2245"]
[BlackElo "1842"]
[PlyCount "89"]

1. e4 c5 2. Nf3 d6 3. Bb5+ Bd7 4. Bxd7+ Qxd7 5. c4 Nc6 6. Nc3
g6 7. d4 cxd4 8. Nxd4 Bg7 9. Be3 Nf6 10. h3 O-O 11. Rc1 Ne5
12. b3 a6 13. a4 Rac8 14. O-O Nc6 15. Qd2 Nxd4 16. Bxd4 Qc6
17. Bxf6 exf6 18. Nd5 Rfe8 19. Rfe1 Re6 20. Qf4 Rce8 21. Re3
f5 22. exf5 Rxe3 23. Nxe3 Re4 24. Qg5 f6 25. Qg3 g5 26. Rd1
Bf8 27. Nd5 Kg7 28. h4 Rxh4 29. Re1 Qc5 30. Qc3 Qd4 31. Qa5
Re4 32. Qc7+ Kh6 33. Rxe4 Qxe4 34. Qxh7+ Kxh7 35. Nxf6+ Kg7
36. Nxe4 g4 37. Kf1 Kh6 38. Ke2 Kh5 39. Ke3 Kh4 40. Kd4 g3
41. Nxg3 Kg4 42. Kd5 Kf4 43. Ke6 Kg5 44. Ne4+ Kf4 45. Nxd6 1-0

[Event "FIDE Online Olympiad"]
[Site "Chess.com"]
[Date "2020.08.01"]
[EventDate "2020.07.31"]
[Round "6"]
[Result "1-0"]
[White "Nur Zahira Zazali"]
[Black "Mariyam Laisa Abdul Rasheed"]
[WhiteElo "1501"]
[BlackElo "1180"]
[PlyCount "121"]

1. e4 c5 2. c3 Nc6 3. Nf3 a6 4. d4 cxd4 5. Nxd4 Nf6 6. Nxc6
bxc6 7. f3 g6 8. Bg5 Bg7 9. Bc4 O-O 10. O-O d5 11. exd5 cxd5
12. Bb3 Qb6+ 13. Kh1 Bb7 14. Bxf6 Qxf6 15. Bxd5 Rfd8 16. Bxf7+
Qxf7 17. Qc2 Qf4 18. Rd1 Be5 19. Rxd8+ Rxd8 20. Qb3+ Kf8
21. Kg1 Qxh2+ 22. Kf2 Bxf3 23. Ke3 Qxg2 24. Qc4 Bd5 25. Qd3
Qf3+ 26. Kd2 Qf2+ 27. Kc1 Bf4+ 28. Nd2 Qe1+ 29. Kc2 Qxa1
30. a3 Qa2 31. Qxa6 Bb3+ 32. Nxb3 Rd6 33. Qc8+ Kf7 34. Qc4+
Kg7 35. Qxf4 Re6 36. Qd4+ Kf8 37. Qh8+ Kf7 38. Qxh7+ Kf6
39. Qh4+ Kg7 40. Qd4+ Kf7 41. Qf4+ Rf6 42. Qc4+ e6 43. Qc7+
Kg8 44. Qc8+ Rf8 45. Qxe6+ Kg7 46. Qe5+ Kh6 47. Qe3+ g5
48. Qe6+ Kh5 49. Qh3+ Kg6 50. Qd3+ Kh5 51. Qh3+ Kg6 52. Qd3+
Rf5 53. Nd4 Qe6 54. Nxe6 g4 55. Nd4 Kg5 56. Qxf5+ Kh4 57. Nf3+
Kh3 58. Ng5+ Kh4 59. Ne4 Kh3 60. Qh5+ Kg2 61. Qxg4+ 1-0

[Event "FIDE Online Olympiad"]
[Site "Chess.com"]
[Date "2020.08.01"]
[EventDate "2020.07.31"]
[Round "6"]
[Result "1-0"]
[White "Myint Han"]
[Black "Yusuf Mdoe"]
[WhiteElo "2225"]
[BlackElo "1712"]
[PlyCount "65"]

1. e4 c5 2. Nf3 Nc6 3. Bb5 d6 4. O-O e6 5. c3 g6 6. d4 Bd7
7. d5 Nce7 8. Bxd7+ Qxd7 9. dxe6 fxe6 10. Qb3 Rc8 11. Nbd2 b5
12. a4 a6 13. Rd1 c4 14. Qc2 Nf6 15. e5 Nfd5 16. axb5 axb5
17. Ne4 Kf7 18. Nxd6+ Kg7 19. Nxc8 Nxc8 20. Bg5 Qf7 21. Qe4
Qf5 22. Bf6+ Nxf6 23. exf6+ Qxf6 24. Rd7+ Kh6 25. Qe3+ g5
26. h4 Kh5 27. hxg5 Qf5 28. Nd4 Qg4 29. Nxe6 h6 30. Rd4 Bc5
31. Nf4+ Kxg5 32. Rd5+ Kf6 33. Qe5+ 1-0

[Event "FIDE Online Olympiad"]
[Site "Chess.com"]
[Date "2020.08.01"]
[EventDate "2020.07.31"]
[Round "6"]
[Result "1-0"]
[White "Ayyad Husain Abdulgalil Saleh"]
[Black "Yu Dong Michael Deng"]
[WhiteElo "2249"]
[BlackElo "1749"]
[PlyCount "77"]

1. e4 c5 2. Nf3 d6 3. d4 cxd4 4. Qxd4 Nc6 5. Bb5 Bd7 6. Bxc6
Bxc6 7. Nc3 Nf6 8. Bg5 e6 9. O-O-O Be7 10. Qd3 O-O 11. h4 b5
12. Nd4 Qb6 13. Nxc6 Qxc6 14. Nxb5 Rfd8 15. Nd4 Qb7 16. f3
Rab8 17. b3 a5 18. a4 h6 19. Bxf6 Bxf6 20. Nb5 d5 21. exd5
Rxd5 22. Qe4 Rxd1+ 23. Rxd1 Qxe4 24. fxe4 Bxh4 25. c4 Bf2
26. Rd6 Kf8 27. Kd2 Ke7 28. Rc6 f5 29. Ke2 Bg3 30. Ra6 fxe4
31. Rxa5 Bf4 32. Ra7+ Kf6 33. a5 Rd8 34. a6 Rd2+ 35. Kf1 e3
36. Nc3 Bg3 37. Ne4+ Ke5 38. Nxd2 exd2 39. Ke2 1-0

[Event "FIDE Online Olympiad"]
[Site "Chess.com"]
[Date "2020.08.01"]
[EventDate "2020.07.31"]
[Round "6"]
[Result "1-0"]
[White "Lut Yin Luke Lau"]
[Black "Khalil Bukhalaf"]
[WhiteElo "1944"]
[BlackElo "1896"]
[PlyCount "105"]

1. e4 c6 2. d4 d5 3. Nc3 dxe4 4. Nxe4 Nf6 5. Nxf6+ gxf6 6. c3
Bf5 7. Ne2 e6 8. Ng3 Bg6 9. Qb3 Qc7 10. Be2 Nd7 11. Bf3 Bd6
12. Ne2 O-O-O 13. h4 h5 14. Be3 Kb8 15. O-O-O e5 16. g3 Rhe8
17. Rhe1 Nf8 18. dxe5 fxe5 19. Rd2 Ne6 20. Qa4 Bc5 21. Red1
Bxe3 22. fxe3 Nc5 23. Qc4 Rxd2 24. Rxd2 Qb6 25. e4 Ne6 26. Kc2
Rd8 27. Rxd8+ Qxd8 28. Qd3 Qb6 29. Qd7 Qe3 30. Qd3 Qxd3+
31. Kxd3 Nc5+ 32. Ke3 Kc7 33. Nc1 Kd6 34. Nd3 Na4 35. c4 f6
36. b3 Nc5 37. b4 Ne6 38. c5+ Kc7 39. g4 hxg4 40. Bxg4 Nd4
41. h5 Bh7 42. h6 Nc2+ 43. Kd2 Nd4 44. Ke3 Nc2+ 45. Kd2 Nd4
46. Nf2 b6 47. Ke3 Nc2+ 48. Kd2 Nxb4 49. cxb6+ axb6 50. Bf5
Bg8 51. a3 Na6 52. h7 Nc5 53. hxg8=Q 1-0

[Event "FIDE Online Olympiad"]
[Site "Chess.com"]
[Date "2020.08.01"]
[EventDate "2020.07.31"]
[Round "6"]
[Result "1-0"]
[White "Ze Jun Lin"]
[Black "Rania Alsalti"]
[WhiteElo "1677"]
[BlackElo "1287"]
[PlyCount "97"]

1. e4 Nc6 2. d4 d5 3. exd5 Qxd5 4. Nf3 e5 5. Nc3 Bb4 6. Bd2
Bxc3 7. Bxc3 e4 8. Ne5 Nxe5 9. dxe5 Ne7 10. Be2 Be6 11. O-O
O-O-O 12. Qxd5 Nxd5 13. Bd2 Ne7 14. Be3 Nf5 15. Rad1 Rxd1
16. Rxd1 Nxe3 17. fxe3 Rd8 18. Rd4 Bxa2 19. Rxe4 Rd2 20. Bd3
Be6 21. Ra4 a6 22. h3 h6 23. Kf1 c6 24. Be4 Rd7 25. Rd4 Kc7
26. Ke2 Re7 27. Bd3 c5 28. Rf4 Bd5 29. c4 Bxg2 30. Rg4 Bxh3
31. Rxg7 Be6 32. Rh7 Rd7 33. e4 Kb6 34. Rxh6 Ka5 35. Rh1 Kb4
36. Rc1 Rd8 37. Rc3 a5 38. Ke3 Rg8 39. Kd2 Rg5 40. Be2 Rxe5
41. Ke3 Rg5 42. Rc2 a4 43. Kf4 Rg6 44. e5 Rg2 45. Ke4 Bg4
46. Bd3 Rxc2 47. Bxc2 Be6 48. Kf3 Bxc4 49. Kf4 1-0

[Event "FIDE Online Olympiad"]
[Site "Chess.com"]
[Date "2020.08.01"]
[EventDate "2020.07.31"]
[Round "6"]
[Result "1-0"]
[White "Eunice Feng"]
[Black "Halima Hammadi"]
[WhiteElo "1306"]
[BlackElo "1181"]
[PlyCount "85"]

1. e4 e5 2. Nf3 Nc6 3. Bc4 Bc5 4. c3 d6 5. d4 Be6 6. Bxe6 fxe6
7. dxc5 dxc5 8. O-O Qxd1 9. Rxd1 Nf6 10. Be3 Nxe4 11. Nbd2
Nxd2 12. Rxd2 O-O 13. Bxc5 Rfd8 14. Rad1 e4 15. Rxd8+ Rxd8
16. Rxd8+ Nxd8 17. Ng5 b6 18. Be3 c5 19. Nxe4 Nc6 20. Kf1 a5
21. Ke2 Kf7 22. Nd6+ Ke7 23. Nc8+ Kd7 24. Nxb6+ Kd6 25. Kd3
Ne5+ 26. Ke4 h6 27. Bf4 Kc6 28. Bxe5 Kxb6 29. Bxg7 h5 30. f3
c4 31. g4 hxg4 32. fxg4 Kb5 33. g5 a4 34. g6 a3 35. bxa3 Ka4
36. Bf8 e5 37. g7 Kb5 38. g8=Q Ka4 39. Qxc4+ Ka5 40. Qb4+ Ka6
41. Kd5 Ka7 42. Kc6 Ka6 43. Qb6# 1-0

[Event "FIDE Online Olympiad"]
[Site "Chess.com"]
[Date "2020.08.01"]
[EventDate "2020.07.31"]
[Round "6"]
[Result "1-0"]
[White "Yeh Yang Liu"]
[Black "Bibek Thing"]
[WhiteElo "2004"]
[BlackElo "2081"]
[PlyCount "109"]

1. e4 c5 2. Nf3 d6 3. c3 Nf6 4. Qc2 g6 5. d4 cxd4 6. cxd4 Bg7
7. Nc3 O-O 8. Be2 Bg4 9. O-O Nc6 10. Be3 d5 11. e5 Ne4 12. Qb3
Na5 13. Qb4 Nxc3 14. bxc3 Bxf3 15. Bxf3 e6 16. Be2 Rc8
17. Rfc1 b6 18. g3 Nc4 19. Bf4 Rc7 20. h4 Qd7 21. a4 Rfc8
22. Kg2 Bf8 23. Qb3 Rc6 24. Rc2 Qc7 25. Rac1 Na3 26. Bb5 Nxc2
27. Bxc6 Qxc6 28. Qxc2 Ba3 29. Rb1 Qxc3 30. Qxc3 Rxc3 31. a5
Rc6 32. Bg5 Kf8 33. Ra1 Rc3 34. axb6 axb6 35. Rb1 Rc6 36. Ra1
Rc3 37. Rb1 Be7 38. Bh6+ Ke8 39. Rxb6 Rc4 40. Rb8+ Kd7
41. Rb7+ Rc7 42. Rb3 Rc4 43. Rf3 Ke8 44. Be3 Bd8 45. Rf4 h6
46. g4 g5 47. Rf3 gxh4 48. Kh3 Bg5 49. Kg2 Kf8 50. Rh3 Rc2
51. Kf3 Kg7 52. Rh1 Kg6 53. Rh2 Bxe3 54. Kxe3 Kg5 55. f4+ 1-0

[Event "FIDE Online Olympiad"]
[Site "Chess.com"]
[Date "2020.08.01"]
[EventDate "2020.07.31"]
[Round "6"]
[Result "1-0"]
[White "Sujana Lohani"]
[Black "Ching-An Shih"]
[WhiteElo "1476"]
[BlackElo "1680"]
[PlyCount "51"]

1. d4 d5 2. Nf3 Nf6 3. c4 c6 4. e3 e6 5. Nc3 Nbd7 6. Bd3 Be7
7. O-O O-O 8. e4 dxe4 9. Nxe4 Nxe4 10. Bxe4 Nf6 11. Bc2 c5
12. Qd3 cxd4 13. Bg5 g6 14. Nxd4 Re8 15. Rad1 Qa5 16. Bd2 Qb6
17. Bc3 a6 18. Nf3 Qd8 19. Qe3 Qc7 20. Ne5 Kg7 21. Ng4 Qxc4
22. Qh6+ Kg8 23. Nxf6+ Kh8 24. Nxe8+ Qxc3 25. bxc3 Bd7
26. Qg7# 1-0

[Event "FIDE Online Olympiad"]
[Site "Chess.com"]
[Date "2020.08.01"]
[EventDate "2020.07.31"]
[Round "6"]
[Result "1-0"]
[White "Chi Chen"]
[Black "Ranju Bhatta"]
[WhiteElo "1353"]
[BlackElo "1515"]
[PlyCount "109"]

1. d4 e6 2. Nf3 d5 3. c4 Bb4+ 4. Bd2 Nc6 5. Bxb4 Nxb4 6. Qa4+
Nc6 7. Ne5 Nge7 8. e3 O-O 9. Nxc6 Nxc6 10. cxd5 exd5 11. Bd3
Bd7 12. Qb3 b6 13. Qxd5 Nb4 14. Qb3 Nxd3+ 15. Qxd3 Re8 16. O-O
Qf6 17. Nc3 a6 18. Rac1 Rec8 19. Rc2 Qg6 20. Qxg6 hxg6
21. Rfc1 c6 22. f3 f5 23. Kf2 Kf7 24. a3 Ke6 25. e4 fxe4
26. fxe4 Rf8+ 27. Ke3 Kd6 28. b4 b5 29. h3 g5 30. g4 a5
31. e5+ Ke6 32. Ne4 axb4 33. axb4 Ra3+ 34. Rc3 Rxc3+ 35. Rxc3
Kd5 36. Rc5+ Ke6 37. Nxg5+ Ke7 38. Ke4 Rf2 39. Kd3 g6 40. Rc2
Rxc2 41. Kxc2 Be8 42. Kd3 Kd7 43. Ke4 Ke7 44. h4 Kd7 45. e6+
Ke7 46. Ke5 Bd7 47. h5 Bxe6 48. Nxe6 Kf7 49. hxg6+ Kg8 50. Nd8
Kg7 51. Nxc6 Kxg6 52. Ke6 Kg5 53. d5 Kxg4 54. d6 Kf4 55. d7
1-0

[Event "FIDE Online Olympiad"]
[Site "Chess.com"]
[Date "2020.08.01"]
[EventDate "2020.07.31"]
[Round "6"]
[Result "1-0"]
[White "Niken Kusatha"]
[Black "Ting-Hao Wang"]
[WhiteElo "1732"]
[BlackElo "1788"]
[PlyCount "83"]

1. e4 c5 2. Nf3 g6 3. d4 cxd4 4. Qxd4 Nf6 5. h3 Nc6 6. Qe3 Bg7
7. Bc4 d5 8. exd5 Nxd5 9. Qb3 e6 10. O-O O-O 11. Bg5 Qb6
12. Bxd5 exd5 13. Nc3 Be6 14. Qxb6 axb6 15. Rfd1 Bxc3 16. bxc3
Ra3 17. Bf6 Rfa8 18. Rab1 R8a6 19. Ng5 h6 20. Nxe6 fxe6
21. Rb3 Rxa2 22. Rdb1 Kf7 23. Bd4 Nxd4 24. cxd4 Rxc2 25. Rxb6
Rxb6 26. Rxb6 Rc4 27. Rxb7+ Kf6 28. g4 Rxd4 29. Rh7 Kg5
30. Kg2 h5 31. Kg3 Rd3+ 32. f3 h4+ 33. Kf2 Rd2+ 34. Ke3 Rg2
35. f4+ Kf6 36. g5+ Rxg5 37. fxg5+ Kxg5 38. Rf7 e5 39. Rf1 Kh5
40. Rd1 d4+ 41. Ke4 g5 42. Rg1 1-0

[Event "FIDE Online Olympiad"]
[Site "Chess.com"]
[Date "2020.08.01"]
[EventDate "2020.07.31"]
[Round "6"]
[Result "1-0"]
[White "Sophie Yi-Hsuan Tsai"]
[Black "Sneha Yadav"]
[WhiteElo "1155"]
[BlackElo "1365"]
[PlyCount "47"]

1. e4 c5 2. Nf3 Nc6 3. d4 cxd4 4. Nxd4 g6 5. c4 Bg7 6. Be3 Nf6
7. Nc3 O-O 8. Be2 d6 9. O-O Bd7 10. f4 e6 11. Qd2 Re8 12. Rad1
Bf8 13. f5 exf5 14. exf5 Nxd4 15. Bxd4 Bxf5 16. Bd3 Be6
17. Bxf6 Qb6+ 18. Kh1 Rac8 19. b3 a6 20. Bc2 Qa5 21. Ne4 Qxa2
22. Ra1 Qxa1 23. Bxa1 Be7 24. Qc3 1-0

[Event "FIDE Online Olympiad"]
[Site "Chess.com"]
[Date "2020.08.01"]
[EventDate "2020.07.31"]
[Round "6"]
[Result "1-0"]
[White "Tupfah Khumnorkaew"]
[Black "Mehul Gohil"]
[WhiteElo "1888"]
[BlackElo "2033"]
[PlyCount "149"]

1. d4 d5 2. Nf3 Nf6 3. c4 e6 4. Nc3 Be7 5. cxd5 exd5 6. Bg5 c6
7. Qc2 Nbd7 8. e3 h6 9. Bh4 Nh5 10. Bxe7 Qxe7 11. Be2 Nhf6
12. Bd3 O-O 13. O-O Re8 14. Nd2 Nb6 15. a3 a5 16. Rab1 Be6
17. b4 axb4 18. axb4 Rac8 19. Rfc1 Rf8 20. Ne2 Nh5 21. Qc5 Qd8
22. b5 Nd7 23. Qd6 c5 24. dxc5 Nxc5 25. Qxd8 Rfxd8 26. Bc2 b6
27. Nd4 Nf6 28. Nc6 Re8 29. Nb3 Nfe4 30. Bxe4 Nxb3 31. Rxb3
dxe4 32. Rb4 Bd7 33. Rd4 Bxc6 34. bxc6 Rc7 35. Rb4 Re6
36. Rxb6 Rd6 37. Kf1 Kh7 38. Ke2 Kg6 39. Rc4 f5 40. f3 exf3+
41. Kxf3 Kf6 42. Rc5 Re6 43. Kf4 Re4+ 44. Kf3 Re6 45. Rbb5 g6
46. Rb6 Rd6 47. h3 h5 48. g4 hxg4+ 49. hxg4 fxg4+ 50. Kxg4 Re6
51. Kf4 Rc8 52. e4 Rc7 53. Ke3 g5 54. Kd4 Rd6+ 55. Ke3 Re6
56. Kf3 Re5 57. Rxe5 Kxe5 58. Rb5+ Kf6 59. Rc5 Ke6 60. Kg4 Kd6
61. Rc1 Ke5 62. Rc4 Kf6 63. Rc5 Ke6 64. Kxg5 Kd6 65. Rc1 Ke5
66. Rc4 Ke6 67. Kf4 Kd6 68. Kf5 Rf7+ 69. Kg6 Rc7 70. Kf6 Rc8
71. c7 Kd7 72. Kf7 Kd6 73. Kf6 Kd7 74. e5 Ke8 75. Ke6 1-0

[Event "FIDE Online Olympiad"]
[Site "Chess.com"]
[Date "2020.08.01"]
[EventDate "2020.07.31"]
[Round "6"]
[Result "1-0"]
[White "Pornouma Promsirinimit"]
[Black "Joyce Nyaruai Ndirangu"]
[WhiteElo "1559"]
[BlackElo "1621"]
[PlyCount "199"]

1. e4 c5 2. Nf3 Nc6 3. Bb5 g6 4. O-O Bg7 5. Nc3 Nf6 6. e5 Ng4
7. Bxc6 dxc6 8. Re1 O-O 9. h3 Nh6 10. d3 Nf5 11. Ne4 b6 12. c3
Ba6 13. g4 Nh6 14. d4 cxd4 15. cxd4 Qd7 16. Bf4 Rad8 17. Qc1
Nxg4 18. Nfg5 Nh6 19. e6 fxe6 20. Nxe6 Qxe6 21. Bxh6 Bxh6
22. Qxh6 Rf7 23. Ng5 Qf6 24. Nxf7 Qxf7 25. Re4 Bd3 26. Rf4 Bf5
27. Re1 Rd7 28. Re5 Qxa2 29. Qg5 Qb1+ 30. Kh2 e6 31. Qf6 Rf7
32. Qd8+ Kg7 33. Rfxf5 exf5 34. Re7 Qa2 35. Qd7 c5 36. dxc5
bxc5 37. Qd6 Qxb2 38. Qxc5 a5 39. Re3 Qxf2+ 40. Kh1 f4
41. Qe5+ Kh6 42. Re2 Qf1+ 43. Kh2 f3 44. Qe3+ Kh5 45. Rf2 Qd1
46. Qe5+ Rf5 47. Qg3 Kh6 48. Qh4+ Kg7 49. Qe7+ Rf7 50. Qe5+
Kh6 51. Qe3+ Kh5 52. Qe5+ Rf5 53. Qe4 a4 54. Qg4+ Kh6 55. Qh4+
Kg7 56. Qe7+ Rf7 57. Qe5+ Kh6 58. Qe3+ Kh5 59. Qe5+ g5 60. h4
h6 61. hxg5 hxg5 62. Qe8 Qb3 63. Qh8+ Kg4 64. Qh3+ Kf4
65. Qg3+ Ke4 66. Qxg5 Qb8+ 67. Kg1 Qf4 68. Qg6+ Qf5 69. Qc6+
Ke3 70. Qb6+ Kf4 71. Qc7+ Kg4 72. Qc4+ Qf4 73. Qe6+ Qf5
74. Qc4+ Kh5 75. Rh2+ Kg6 76. Qc6+ Rf6 77. Qe8+ Kg5 78. Rh5+
Kg4 79. Rxf5 Rxf5 80. Qg6+ Rg5 81. Qe6+ Kg3 82. Qd6+ Kg4
83. Kf2 Rf5 84. Qg3+ Kh5 85. Qh3+ Kg5 86. Qg3+ Kh5 87. Qh2+
Kg5 88. Qg1+ Kh5 89. Qa1 Rf4 90. Qe5+ Kg4 91. Qg7+ Kh4
92. Qg3+ Kh5 93. Qxf4 a3 94. Qa4 a2 95. Qxa2 Kh4 96. Kxf3 Kh5
97. Qg2 Kh6 98. Kf4 Kh7 99. Kf5 Kh8 100. Kf6 1-0

[Event "FIDE Online Olympiad"]
[Site "Chess.com"]
[Date "2020.08.01"]
[EventDate "2020.07.31"]
[Round "6"]
[Result "1-0"]
[White "Sarocha Chuemsakul"]
[Black "Naiya Gosrani"]
[WhiteElo "1694"]
[BlackElo "1358"]
[PlyCount "105"]

1. d4 e6 2. c4 f5 3. g3 Nf6 4. Bg2 d5 5. b3 c6 6. Nf3 Bd6
7. Ba3 O-O 8. Bxd6 Qxd6 9. O-O Nbd7 10. cxd5 cxd5 11. Nc3 Ne4
12. Qc2 Ndf6 13. Ne5 Qb4 14. Nxe4 fxe4 15. e3 Qd6 16. Rac1 Bd7
17. Qc7 Qxc7 18. Rxc7 Bb5 19. Rfc1 b6 20. Bh3 Rfe8 21. a4 Ba6
22. R1c6 Rac8 23. Rxc8 Rxc8 24. Bxe6+ Kf8 25. Bxc8 Bxc8
26. Rxc8+ Ke7 27. Rc7+ Ke6 28. Rxg7 a5 29. h3 Kd6 30. g4 h5
31. g5 Ne8 32. Rb7 Ke6 33. g6 Kf6 34. Rf7+ Kg5 35. g7 Nxg7
36. Rxg7+ Kh4 37. Kg2 b5 38. Ng6+ Kg5 39. axb5 Kf6 40. b6 Kxg7
41. b7 Kxg6 42. b8=Q Kf6 43. Qd6+ Kg5 44. Kg3 h4+ 45. Kg2 a4
46. bxa4 Kf5 47. a5 Kg5 48. a6 Kf5 49. a7 Kg5 50. a8=Q Kf5
51. Qaf8+ Kg5 52. Qdf6+ Kh5 53. Q8h6# 1-0

[Event "FIDE Online Olympiad"]
[Site "Chess.com"]
[Date "2020.08.01"]
[EventDate "2020.07.31"]
[Round "5"]
[Result "1-0"]
[White "Mada Yazji"]
[Black "Ahmad Tasneem"]
[WhiteElo "1704"]
[BlackElo "1417"]
[PlyCount "55"]

1. e4 e6 2. d4 c5 3. d5 e5 4. Nf3 d6 5. c4 h6 6. Nc3 Nf6
7. Bd3 Be7 8. O-O O-O 9. Ne1 Na6 10. a3 Qa5 11. Bd2 Qc7 12. f4
Bg4 13. Be2 Bxe2 14. Qxe2 Nb8 15. fxe5 dxe5 16. Nf3 Nbd7
17. Nh4 a6 18. Nf5 Bd6 19. Qf3 Kh7 20. Qh3 h5 21. Bg5 Rg8
22. Ng3 Be7 23. Nxh5 Kg6 24. Qf5+ Kxh5 25. Bxf6+ g5 26. Bxe7
f6 27. Qh7+ Kg4 28. Qh3# 1-0

[Event "FIDE Online Olympiad"]
[Site "Chess.com"]
[Date "2020.08.01"]
[EventDate "2020.07.31"]
[Round "6"]
[Result "1-0"]
[White "Heskiel Ndahangwapo"]
[Black "Andreas Hadjinicolaou"]
[WhiteElo "1883"]
[BlackElo "1781"]
[PlyCount "83"]

1. e4 c5 2. Nf3 Nc6 3. g3 g6 4. Bg2 Bg7 5. O-O d6 6. d3 e6
7. Bg5 Qb6 8. Nbd2 h6 9. Be3 Qxb2 10. Rb1 Qxa2 11. Nc4 b6
12. e5 Qa4 13. Ra1 Qb4 14. Bd2 Qxc4 15. dxc4 Bb7 16. Bc3 O-O-O
17. Qe1 d5 18. cxd5 exd5 19. e6 f6 20. e7 Ngxe7 21. Qe6+ Kb8
22. Bxf6 Bc8 23. Qf7 Rdf8 24. Qxg7 Rhg8 25. Qxh6 Nf5 26. Qf4+
Kb7 27. Bg5 Nfd4 28. Qe3 Nxc2 29. Qb3 Nxa1 30. Rxa1 Bg4
31. Ne5 Rc8 32. Nxc6 Rxc6 33. Bxd5 Rgc8 34. Bxc6+ Rxc6 35. Qd5
a5 36. Re1 Kc7 37. Qd8+ Kb7 38. Qd5 Bc8 39. Re7+ Ka6 40. Qxc6
Bf5 41. Rb7 Bd3 42. Qxb6# 1-0

[Event "FIDE Online Olympiad"]
[Site "Chess.com"]
[Date "2020.08.01"]
[EventDate "2020.07.31"]
[Round "6"]
[Result "1-0"]
[White "Innocent Kimera"]
[Black "Mohamad Firdaus Erfan"]
[WhiteElo "1866"]
[BlackElo "1241"]
[PlyCount "54"]

1. d4 d5 2. Nf3 Nf6 3. Bf4 Bf5 4. e3 e6 5. Bd3 c6 6. Bxf5 exf5
7. O-O g6 8. h3 Bg7 9. Be5 Nbd7 10. Bd6 Bf8 11. Bxf8 Nxf8
12. Ne5 Ne6 13. b4 a5 14. c3 O-O 15. Nd2 Ne4 16. Nxe4 fxe4
17. f4 Qe7 18. f5 Nc7 19. f6 Qd6 20. a3 Qe6 21. Qe1 h5 22. Qh4
Ne8 23. g4 Nd6 24. gxh5 Nf5 25. Qg5 Nd6 26. hxg6 Qxh3
27. gxf7+ Kh8 1-0

[Event "FIDE Online Olympiad"]
[Site "Chess.com"]
[Date "2020.08.01"]
[EventDate "2020.07.31"]
[Round "4"]
[Result "1-0"]
[White "Grace Christie Youwou Pedhom"]
[Black "Peace Samson"]
[WhiteElo "1360"]
[BlackElo "1828"]
[PlyCount "80"]

1. d4 Nf6 2. c4 g6 3. Nc3 Bg7 4. Nf3 d6 5. e3 O-O 6. Be2 Nbd7
7. O-O Re8 8. Re1 e5 9. Qc2 b6 10. d5 Nc5 11. e4 Bg4 12. h3
Bc8 13. b3 Nfxe4 14. Nxe4 Nxe4 15. Qxe4 Bf5 16. Qe3 e4 17. Nd4
Bd7 18. Bb2 f5 19. Rad1 Qh4 20. Bf1 f4 21. Qe2 f3 22. Qd2 Bh6
23. Qc3 Bxh3 24. gxh3 Bf4 25. Nxf3 Be5 26. Qxe5 Qxf2+ 27. Kxf2
dxe5 28. Nxe5 Rf8+ 29. Ke3 Rae8 30. Kxe4 Rf2 31. Ba1 Rxa2
32. Bd4 Rh2 33. Ra1 a5 34. Re2 Rh1 35. Bg2 Rxa1 36. Bxa1 Kg7
37. Rf2 Re7 38. Bd4 Kh6 39. Rf7 Rxf7 40. Nxf7+ Kh5 1-0

[Event "FIDE Online Olympiad"]
[Site "Chess.com"]
[Date "2020.08.01"]
[EventDate "2020.07.31"]
[Round "4"]
[Result "1-0"]
[White "Khalema Sechaba"]
[Black "Sikhanyiso Sihlongonyane"]
[WhiteElo "1827"]
[BlackElo "1646"]
[PlyCount "77"]

1. d4 Nf6 2. c4 e6 3. Nf3 d5 4. Nc3 Be7 5. Bg5 O-O 6. e3 Nbd7
7. cxd5 exd5 8. Qc2 c6 9. Bd3 h6 10. Bf4 Re8 11. O-O Nf8
12. h3 Ne6 13. Bg3 Bd6 14. Be5 b6 15. Rac1 Bb7 16. Qb1 Rc8
17. b4 Qe7 18. a3 Nd7 19. Bh2 Bxh2+ 20. Kxh2 Rc7 21. Rc2 Rec8
22. Rfc1 a6 23. Kg1 Ng5 24. Nd2 Qd6 25. Bf5 g6 26. Bxd7 Qxd7
27. Na4 Qf5 28. Nxb6 Re8 29. Rc3 Ne4 30. Nxe4 dxe4 31. Rc5 Qe6
32. Re5 Qxe5 33. dxe5 Rxe5 34. Rc5 Ree7 35. Qc2 Re6 36. a4
Rce7 37. Qd2 Re8 38. Qd4 R6e7 39. Nd7 1-0

[Event "FIDE Online Olympiad"]
[Site "Chess.com"]
[Date "2020.08.01"]
[EventDate "2020.07.31"]
[Round "4"]
[Result "1-0"]
[White "Naleli Mcpherson"]
[Black "Mkhonta Nokuthula"]
[WhiteElo "1303"]
[BlackElo "1252"]
[PlyCount "145"]

1. e4 e5 2. Nf3 Nc6 3. Bb5 d6 4. Bxc6+ bxc6 5. Nc3 Nf6 6. O-O
Ng4 7. d3 f5 8. h3 h5 9. Bg5 Be7 10. Bxe7 Qxe7 11. Qd2 f4
12. Nh2 Qg5 13. Qe2 Nxh2 14. Kxh2 h4 15. Qf3 Be6 16. a3 Rd8
17. Qe2 Kd7 18. Qd2 Rdf8 19. Rad1 c5 20. Ne2 c6 21. c3 d5
22. Ng1 d4 23. Nf3 Qf6 24. cxd4 exd4 25. Qa5 Ra8 26. Qxc5 Qe7
27. Qxd4+ Kc7 28. Rc1 Rhd8 29. Qe5+ Qd6 30. Qxg7+ Rd7 31. Qc3
Rb8 32. d4 Rb5 33. Qd3 Rxb2 34. Qa6 Rb7 35. Qa5+ Kc8 36. Qa6
Rdc7 37. Rc3 Kb8 38. Qa5 Rb5 39. Qa4 Bd7 40. Qc2 Bc8 41. Rc1
Rbb7 42. Rxc6 Rxc6 43. Qxc6 Qxc6 44. Rxc6 Bd7 45. Rc4 Be6
46. Rc3 Rb2 47. Nxh4 Rxf2 48. d5 Bc8 49. Rf3 Rxf3 50. gxf3 Kc7
51. Ng6 Kd6 52. Nxf4 Ba6 53. Kg3 Bc4 54. Ne6 a5 55. h4 Bb5
56. h5 Bd7 57. h6 Bxe6 58. dxe6 Kxe6 59. h7 Ke5 60. h8=Q+ Kd6
61. Qc3 Ke6 62. Kf4 Kd6 63. Qe5+ Kc6 64. Qxa5 Kd6 65. Qb4+ Ke6
66. a4 Kd7 67. a5 Ke6 68. a6 Kd7 69. a7 Ke6 70. a8=Q Kd7
71. Qa6 Kc7 72. Qbb7+ Kd8 73. Qaa8# 1-0

[Event "FIDE Online Olympiad"]
[Site "Chess.com"]
[Date "2020.08.01"]
[EventDate "2020.07.31"]
[Round "4"]
[Result "1-0"]
[White "Lunga Malinga"]
[Black "Lebakae Mojakisane"]
[WhiteElo "1571"]
[BlackElo "1160"]
[PlyCount "115"]

1. e4 e5 2. Nc3 Nf6 3. Nf3 Nc6 4. Bc4 Be7 5. O-O O-O 6. Re1 d6
7. h3 Be6 8. Bxe6 fxe6 9. d3 d5 10. exd5 exd5 11. Nxe5 Nxe5
12. Rxe5 Bd6 13. Re2 Qd7 14. Bg5 h6 15. Bxf6 Rxf6 16. Nxd5
Bh2+ 17. Kxh2 Qxd5 18. Qd2 Raf8 19. Rae1 Qd6+ 20. Kg1 Qd4
21. c3 Qb6 22. d4 Qd6 23. Qd3 c5 24. Qc4+ Kh8 25. Qxc5 Qxc5
26. dxc5 Rc6 27. Re5 Kh7 28. Re7 Rfc8 29. Rxb7 R8c7 30. Re7
Rxe7 31. Rxe7 a6 32. b4 Kg6 33. Rd7 Kf6 34. Rd6+ Rxd6 35. cxd6
Ke6 36. c4 Kxd6 37. c5+ Kc6 38. a3 a5 39. f4 axb4 40. axb4 g6
41. g4 Kd5 42. Kg2 Kc6 43. Kg3 Kd5 44. h4 Kc6 45. h5 gxh5
46. gxh5 Kd5 47. Kg4 Kc6 48. Kf5 Kd5 49. Kg6 Kc6 50. f5 Kd5
51. f6 Kc6 52. f7 Kd5 53. f8=Q Kc6 54. Qd6+ Kb7 55. Qb6+ Ka8
56. Qb5 Ka7 57. c6 Ka8 58. Qb7# 1-0